000 00725nam a22002177a 4500
999 _c4531
_d4531
003 AR-CdUCM
008 190308b ||||| |||| 00| 0 spa d
040 _aMUNICIPALIDAD PROVINCIAL DEL CUSCO
_cBIBLIOTECA MUNICIPAL DEL CUSCO
082 _a376.54 /
_bM29
110 _aUniversidad (Puerto Rico)
_914196
245 _aManual para la preparación de informes y tesis /
260 _aEspaña :
_bEdit. Universitaria,
300 _a239 paginas ;
_c28 cm.
500 _aDonación sala Nieto
_aReimpresion 1965
650 _aTesis universitaria
_914197
650 _aMetodología
_92264
650 _aInvestigación
_91940
700 _aIrma Garcia Serrano (directora)
_914198
942 _2ddc
_cLIBROS
945 _aInvestigación